000 00826nam a2200205Ia 4500
999 _c4110
_d4110
003 OSt
005 20200413130732.0
008 191128s1996 sp a br 000 j spa d
020 _a8424647157
040 _aCO-JMCR
_cCO-JMCR
041 0 _aspa
082 0 4 _aC /
_bDURd
100 1 _aDuran, Teresa,
_eAdaptación
_92953
245 1 3 _aEl dragón de siete cabezas /
_cTeresa Duran, Roser Ros
260 _aBarcelona :
_bLa galeria,
_c1996
300 _a31 páginas :
_bilustraciones en balnco y negro ;
_c22 cm.
520 _aEste cuento maravilloso fue recojido por Valeri Serra i Boldú con el título de les set cireres ( las siete cerezas). Al adaptarlo, hemos destacado el papel del adversario, casi todo él de nueva creación, y el del animal que habla:
700 _aJoma,
_eilustraciones
_92954
942 _2ddc
_cBK